000 00257nam a22001217a 4500
008 170905b xxu||||| |||| 00| 0 eng d
041 _aeng
080 _a616.9
100 _a08
101 _aINF
245 _aSEMUNDJET INFEKTIVE
_cPULO,J
942 _2udc
_cBK
999 _c26111
_d26111